000 00765nam a22002177a 4500
008 250626s1894 xxk||||| |||| 00| 0 eng d
041 _aeng
240 _aMeasurement of Wright Work 1894
245 _aRules and regulations for the measurement of wright work in Glasgow and neighbourhood
_b1894
260 _aGlasgow,
_bStrathern & Freeman,
_c1894
300 _a21cm, 16p.
_bpamphlet
500 _aDonated by Mr John M Calder
505 _aCollaborative title by the Glasgow Institute of Architects, the Glasgow Institute of Measurers and the Glasgow Master Brickbuilders' Association
650 _aCARPENTRY
650 _aMEASUREMENT
650 _aSCAFFOLDING
650 _aTIMBER
651 _aScotland
690 _aMeasurement
_96256
942 _n0
999 _c122186
_d122186